<?xml version="1.0" encoding="UTF-8"?>
<record
    xmlns:xsi="http://www.w3.org/2001/XMLSchema-instance"
    xsi:schemaLocation="http://www.loc.gov/MARC21/slim http://www.loc.gov/standards/marcxml/schema/MARC21slim.xsd"
    xmlns="http://www.loc.gov/MARC21/slim">

  <leader>00636nam a22001817a 4500</leader>
  <datafield tag="999" ind1=" " ind2=" ">
    <subfield code="c">57085</subfield>
    <subfield code="d">57085</subfield>
  </datafield>
  <controlfield tag="003">Ge_BSU</controlfield>
  <controlfield tag="005">20230222104856.0</controlfield>
  <controlfield tag="008">191114s2017    ge ||||| |||| 00| 0 geo d</controlfield>
  <datafield tag="041" ind1=" " ind2=" ">
    <subfield code="a">geo</subfield>
  </datafield>
  <datafield tag="080" ind1=" " ind2=" ">
    <subfield code="a">342.726-053.2(479.22) &#x10D1;-15</subfield>
  </datafield>
  <datafield tag="245" ind1=" " ind2=" ">
    <subfield code="a">&#x10D1;&#x10D0;&#x10D5;&#x10E8;&#x10D5;&#x10D8;&#x10E1; &#x10E3;&#x10E4;&#x10DA;&#x10D4;&#x10D1;&#x10D0;&#x10D7;&#x10D0; &#x10D9;&#x10DD;&#x10DC;&#x10D5;&#x10D4;&#x10DC;&#x10EA;&#x10D8;&#x10D0;   </subfield>
  </datafield>
  <datafield tag="264" ind1=" " ind2=" ">
    <subfield code="a">[&#x10D7;&#x10D1;&#x10D8;&#x10DA;&#x10D8;&#x10E1;&#x10D8;],</subfield>
    <subfield code="c">2008.</subfield>
  </datafield>
  <datafield tag="300" ind1=" " ind2=" ">
    <subfield code="a">48 &#x10D2;&#x10D5;. ;</subfield>
    <subfield code="c">21 &#x10E1;&#x10DB;.</subfield>
  </datafield>
  <datafield tag="653" ind1=" " ind2=" ">
    <subfield code="a">&#x10D1;&#x10D0;&#x10D5;&#x10E8;&#x10D5;&#x10D7;&#x10D0; &#x10E3;&#x10E4;&#x10DA;&#x10D4;&#x10D1;&#x10D4;&#x10D1;&#x10D8;&#x10E1; &#x10D3;&#x10D0;&#x10EA;&#x10D5;&#x10D0; &#x10E1;&#x10D0;&#x10E5;&#x10D0;&#x10E0;&#x10D7;&#x10D5;&#x10D4;&#x10DA;&#x10DD;&#x10E8;&#x10D8;</subfield>
  </datafield>
  <datafield tag="653" ind1=" " ind2=" ">
    <subfield code="a">&#x10E1;&#x10D0;&#x10DB;&#x10D0;&#x10E0;&#x10D7;&#x10D0;&#x10DA;&#x10D8;</subfield>
  </datafield>
  <datafield tag="710" ind1=" " ind2=" ">
    <subfield code="e">Unicef for every child</subfield>
    <subfield code="9">5326</subfield>
  </datafield>
  <datafield tag="942" ind1=" " ind2=" ">
    <subfield code="2">udc</subfield>
    <subfield code="c">BK</subfield>
  </datafield>
  <datafield tag="952" ind1=" " ind2=" ">
    <subfield code="0">0</subfield>
    <subfield code="1">0</subfield>
    <subfield code="2">udc</subfield>
    <subfield code="4">0</subfield>
    <subfield code="6">342726053247922_&#x10D1;15</subfield>
    <subfield code="7">0</subfield>
    <subfield code="9">87581</subfield>
    <subfield code="a">CPL</subfield>
    <subfield code="b">CPL</subfield>
    <subfield code="c">GEN</subfield>
    <subfield code="d">2019-11-14</subfield>
    <subfield code="g">5.00</subfield>
    <subfield code="o">342.726-053.2(479.22) &#x10D1;-15</subfield>
    <subfield code="p">60216</subfield>
    <subfield code="r">2019-11-14</subfield>
    <subfield code="t">60216</subfield>
    <subfield code="w">2019-11-14</subfield>
    <subfield code="y">BK</subfield>
    <subfield code="z">5.00</subfield>
  </datafield>
  <datafield tag="952" ind1=" " ind2=" ">
    <subfield code="0">0</subfield>
    <subfield code="1">0</subfield>
    <subfield code="2">udc</subfield>
    <subfield code="4">0</subfield>
    <subfield code="6">342726053247922_&#x10D1;15</subfield>
    <subfield code="7">0</subfield>
    <subfield code="9">87582</subfield>
    <subfield code="a">CPL</subfield>
    <subfield code="b">CPL</subfield>
    <subfield code="c">GEN</subfield>
    <subfield code="d">2019-11-14</subfield>
    <subfield code="g">5.00</subfield>
    <subfield code="o">342.726-053.2(479.22) &#x10D1;-15</subfield>
    <subfield code="p">60217</subfield>
    <subfield code="r">2019-11-14</subfield>
    <subfield code="t">60217</subfield>
    <subfield code="w">2019-11-14</subfield>
    <subfield code="y">BK</subfield>
    <subfield code="z">5.00</subfield>
  </datafield>
  <datafield tag="952" ind1=" " ind2=" ">
    <subfield code="0">0</subfield>
    <subfield code="1">0</subfield>
    <subfield code="2">udc</subfield>
    <subfield code="4">0</subfield>
    <subfield code="6">342726053247922_&#x10D1;15</subfield>
    <subfield code="7">0</subfield>
    <subfield code="9">93755</subfield>
    <subfield code="a">CPL</subfield>
    <subfield code="b">CPL</subfield>
    <subfield code="c">GEN</subfield>
    <subfield code="d">2023-02-15</subfield>
    <subfield code="g">5.00</subfield>
    <subfield code="o">342.726-053.2(479.22) &#x10D1;-15</subfield>
    <subfield code="p">63786</subfield>
    <subfield code="r">2023-02-15</subfield>
    <subfield code="t">63786</subfield>
    <subfield code="w">2023-02-15</subfield>
    <subfield code="y">BK</subfield>
    <subfield code="z">5 &#x10DA;.</subfield>
  </datafield>
  <datafield tag="952" ind1=" " ind2=" ">
    <subfield code="0">0</subfield>
    <subfield code="1">0</subfield>
    <subfield code="2">udc</subfield>
    <subfield code="4">0</subfield>
    <subfield code="6">342726053247922_&#x10D1;15</subfield>
    <subfield code="7">0</subfield>
    <subfield code="9">93826</subfield>
    <subfield code="a">CPL</subfield>
    <subfield code="b">CPL</subfield>
    <subfield code="d">2023-02-22</subfield>
    <subfield code="o">342.726-053.2(479.22) &#x10D1;-15</subfield>
    <subfield code="r">2023-02-22</subfield>
    <subfield code="w">2023-02-22</subfield>
    <subfield code="y">BK</subfield>
  </datafield>
  <datafield tag="952" ind1=" " ind2=" ">
    <subfield code="0">0</subfield>
    <subfield code="1">0</subfield>
    <subfield code="2">udc</subfield>
    <subfield code="4">0</subfield>
    <subfield code="6">342726053247922_&#x10D1;15</subfield>
    <subfield code="7">0</subfield>
    <subfield code="9">93827</subfield>
    <subfield code="a">CPL</subfield>
    <subfield code="b">CPL</subfield>
    <subfield code="d">2023-02-22</subfield>
    <subfield code="o">342.726-053.2(479.22) &#x10D1;-15</subfield>
    <subfield code="r">2023-02-22</subfield>
    <subfield code="w">2023-02-22</subfield>
    <subfield code="y">BK</subfield>
  </datafield>
</record>
